000
00257nam a2200097Ia 4500
008
231207s9999 xx 000 0 und d
082
_a
370
_b
RIA
100
_a
Pervez Hoodbhoy
245
0
_a
Riyasat aur taaleem : Pakistan kay Pachas saal
260
_b
Mashal Books
999
_c
14039
_d
14039